[Event "Ontario-ch U20 U1800"]
[Site "Mississauga"]
[Date "2019.01.12"]
[Round "2.23"]
[White "Dong, Yiwei"]
[Black "Dey, Jai"]
[Result "1-0"]
[WhiteElo "1493"]
[BlackElo "1412"]
[PlyCount "123"]
[EventDate "2019.01.12"]
[EventType "swiss"]
[EventRounds "5"]
[EventCountry "CAN"]
[SourceTitle "EXT 2022"]
[Source "ChessBase"]
[SourceDate "2021.10.06"]
[SourceVersion "1"]
[SourceVersionDate "2021.10.06"]
[SourceQuality "1"]

1. d4 Nf6 2. Nf3 d5 3. Bf4 Nc6 4. e3 e6 5. Nbd2 Bd6 6. Bg3 Bd7 7. c3 Bxg3 8. hxg3 Qe7 9. c4 0-0-0 10. cxd5 exd5 11. Be2 Bf5 12. Rc1 Ne4 13. Bb5 Nxd2 14. Qxd2 Nb4 15. a3 Nc2+ 16. Rxc2 Bxc2 17. Qxc2 Rd6 18. Rxh7 Rxh7 19. Qxh7 a6 20. Ba4 b5 21. Bb3 Rh6 22. Qf5+ Qe6 23. Qxe6+ fxe6 24. Ke2 Rh1 25. Ne1 Kd7 26. Nd3 Rg1 27. Kf3 a5 28. Bc2 a4 29. b3 Ra1 30. bxa4 bxa4 31. Bxa4+ Kd6 32. Nf4 e5 33. dxe5+ Kxe5 34. Bc6 d4 35. exd4+ Kxd4 36. a4 Ra3+ 37. Kg4 Kc5 38. Bb5 c6 39. Be2 Rxa4 40. Kg5 Ra2 41. Kg6 Kd4 42. Kxg7 Ke5 43. Kg6 Rc2 44. Kg5 c5 45. f3 c4 46. Bxc4 Rxc4 47. Ng6+ Kd6 48. g4 Rc5+ 49. Kh4 Ke6 50. f4 Kf6 51. Ne5 Rc7 52. Kg3 Rc3+ 53. Nf3 Ke6 54. Kh4 Kf6 55. Ng5 Rc1 56. Ne4+ Kg6 57. f5+ Kh6 58. g5+ Kg7 59. Kg4 Rg1 60. g3 Re1 61. Kf4 Rf1+ 62. Ke5 1-0